Jeevithamezhuthukal: (Record no. 181905)

000 -LEADER
fixed length control field 00472nam a2200169 4500
020 ## - INTERNATIONAL STANDARD BOOK NUMBER
ISBN 9789348132536
082 ## - DEWEY DECIMAL CLASSIFICATION NUMBER
Classification number M080 007
Item number SHA/J
100 ## - MAIN ENTRY--AUTHOR NAME
Personal name Shaji Jacob
245 ## - TITLE STATEMENT
Title Jeevithamezhuthukal:
Sub Title vayanakal/
Statement of responsibility, etc by Shaji Jacob
260 ## - PUBLICATION, DISTRIBUTION, ETC. (IMPRINT)
Place of publication Kozhikode:
Name of publisher Pavanatma publishers,
Year of publication 2025.
300 ## - PHYSICAL DESCRIPTION
Number of Pages 280p.
650 ## - SUBJECT ADDED ENTRY--TOPICAL TERM
Topical Term Literature Malayalam Study
650 ## - SUBJECT ADDED ENTRY--TOPICAL TERM
Topical Term Literature Malayalam Study Shaji Jacob
650 ## - SUBJECT ADDED ENTRY--TOPICAL TERM
Topical Term Literature Malayalam
650 ## - SUBJECT ADDED ENTRY--TOPICAL TERM
Topical Term Literature
942 ## - ADDED ENTRY ELEMENTS (KOHA)
Koha item type Book
Holdings
Withdrawn status Lost status Damaged status Not for loan Permanent Location Current Location Shelving location Date acquired Cost, normal purchase price Full call number Accession Number Price effective from Koha item type
        Sree Sankaracharya University of Sanskrit Sree Sankaracharya University of Sanskrit Stacks 01.06.2026 560.00 M080 007 SHA/J 108901 01.06.2026 Book